Aerolíneas de carga del Aeropuerto Int. El Dorado de Bogotá - Estadísticas

Estadísticas generales
  • Esta prueba ha sido intentada 11 veces
  • La puntuación promedio es 15 de 33
Estadísticas de respuestas
Destino Principal Aerolínea % Correcto
Hong Kong (vía Miami) Atlas Air
78%
Ciudad de México Avianca Cargo México (Aerounión)
78%
Miami Avianca Cargo (TAMPA)
78%
São Paulo LATAM Cargo Brasil
78%
Santiago de Chile LATAM Cargo Chile
78%
Miami LATAM Cargo Colombia
78%
Quito LATAM Cargo Ecuador
78%
Barranquilla Aerosucre
56%
Ciudad de Panamá Copa Airlines Cargo
56%
Ciudad de Panamá DHL Aviation
56%
Dubái Emirates SkyCargo
56%
Addis Abeba Ethiopian Cargo
56%
Miami FedEx Express
56%
Ámsterdam KLM Cargo
56%
Dallas Qatar Cargo
56%
Estambul Turkish Cargo
56%
Toronto Air Canada Cargo
44%
Frankfurt Lufthansa Cargo
44%
Miami UPS Airlines
44%
Miami ABX Air
33%
Miami AerCaribe
33%
Miami Amerijet International
33%
Luxemburgo Cargolux
33%
Ciudad de México MasAir
33%
Miami 21 Air
22%
Miami Amazon Air
22%
Miami Cargojet Airways
22%
Miami Maersk Air Cargo
22%
Miami Sky Lease Cargo
22%
Caracas Solar Cargo
22%
Ciudad de Panamá UniWorld Air Cargo
22%
Ámsterdam Martinair
11%
Miami Western Global Airlines
11%
No se encontraron pruebas coincidentes
Distribución de puntuación
Porcentaje de gente con cada puntuación
Porcentaje por número respondido
Historial de tus puntuaciones
No has intentado esta prueba.